000 00478cam a2200193ua 4500
001 7364
008 141208n ii |||gr||||Z||||||ben
040 _cMAIN
041 _aben
082 _a891.444
100 _aGupta, A. Ch.,
_eAuthor.
245 1 _aItihasher mukti
_cBy Atul Chandra Gupta
250 _a1st.
260 _aKolkatta:
_bBiswabharati,
_c1957.
300 _a111p.
653 _aEast Indo-European & Celtic literatures
653 _aBengali essays
942 _cBK
999 _c6489
_d6489